00977 2200361 4500001002100000005001700021008004100038020002200079035002400101040001200125041000800137082001600145084001600161090002000177100002100197245006300218250001100281260003100292300003500323500003000358650002400388650001800412700001300430850001200443990002200455990001800477990001800495990002200513990001800535990002200553990001800575990002200593INLIS00000000001950420180209094928.0  a978-979-1459-06-5 0010-041600000000508 aYOPDYOG0 aind042[23]a731.4 a731.4 Sun S aDEP 731.4 Sun S0 aSUNARTOd, 1957-1 aSeni tatah sungging kulitc/ Sunarto; penyunting, Purwanto aCet. 1 aYogyakartabPrasistac2008 ax, 123 hlm.b: ilus.c; 24 cm. aBibliografi: hlm. 121-123 4aSeni Pahat (Wayang) 4aSeni sungging0 aPURWANTO aYOPDYOG aCB-D.11/2008-2192 a58458-PD/A.18 a58458-PD/A.18 aCB-D.11/2008-2192 a58458-PD/A.18 aCB-D.11/2008-2192 a58458-PD/A.18 aCB-D.11/2008-2192